<?xml version="1.0" encoding="UTF-8"?>
<record
    xmlns:xsi="http://www.w3.org/2001/XMLSchema-instance"
    xsi:schemaLocation="http://www.loc.gov/MARC21/slim http://www.loc.gov/standards/marcxml/schema/MARC21slim.xsd"
    xmlns="http://www.loc.gov/MARC21/slim">

  <leader>00856nam a2200265   4500</leader>
  <controlfield tag="001">32843</controlfield>
  <controlfield tag="003">AR-RoBPED</controlfield>
  <controlfield tag="005">20260612082813.0</controlfield>
  <controlfield tag="008">260610e2025    |||a|||  |||| 000 0 spa d</controlfield>
  <datafield tag="020" ind1=" " ind2=" ">
    <subfield code="a">9786316506351</subfield>
  </datafield>
  <datafield tag="040" ind1=" " ind2=" ">
    <subfield code="a">AR-RoBPED</subfield>
  </datafield>
  <datafield tag="041" ind1=" " ind2=" ">
    <subfield code="a">spa</subfield>
  </datafield>
  <datafield tag="100" ind1=" " ind2=" ">
    <subfield code="a">Feito, Luciana</subfield>
    <subfield code="d">1981-</subfield>
    <subfield code="9">31028</subfield>
  </datafield>
  <datafield tag="245" ind1="1" ind2=" ">
    <subfield code="a">&#xBF;Qu&#xE9; atrap&#xE9;? /</subfield>
    <subfield code="c">Luciana Feito </subfield>
  </datafield>
  <datafield tag="260" ind1=" " ind2=" ">
    <subfield code="a">Buenos Aires :</subfield>
    <subfield code="b">Gerbera,</subfield>
    <subfield code="c">2025.</subfield>
  </datafield>
  <datafield tag="300" ind1=" " ind2=" ">
    <subfield code="a">s.p.</subfield>
    <subfield code="b">il. tipograf&#xED;a Open Dyslexic</subfield>
  </datafield>
  <datafield tag="490" ind1="0" ind2=" ">
    <subfield code="a">(Nube de algod&#xF3;n)</subfield>
  </datafield>
  <datafield tag="505" ind1=" " ind2=" ">
    <subfield code="a">La tipograf&#xED;a utilizada en este libro es Open Dyslexic, amigable para lectores con dislexia.</subfield>
  </datafield>
  <datafield tag="650" ind1=" " ind2="4">
    <subfield code="a">LITERATURA INFANTIL</subfield>
    <subfield code="9">168</subfield>
  </datafield>
  <datafield tag="650" ind1=" " ind2="4">
    <subfield code="a">BEBETECA</subfield>
    <subfield code="9">27081</subfield>
  </datafield>
  <datafield tag="650" ind1=" " ind2="4">
    <subfield code="a">LITERATURA  ARGENTINA</subfield>
    <subfield code="9">15616</subfield>
  </datafield>
  <datafield tag="655" ind1=" " ind2="0">
    <subfield code="a">RIMAS INFANTILES</subfield>
    <subfield code="9">31030</subfield>
  </datafield>
  <datafield tag="942" ind1=" " ind2=" ">
    <subfield code="2">udc</subfield>
    <subfield code="a">k. 32843</subfield>
    <subfield code="c">BK</subfield>
    <subfield code="h">860(82)-1</subfield>
    <subfield code="k">BB</subfield>
    <subfield code="m">F 34</subfield>
    <subfield code="p">inv. 42532</subfield>
  </datafield>
  <datafield tag="952" ind1=" " ind2=" ">
    <subfield code="0">0</subfield>
    <subfield code="1">0</subfield>
    <subfield code="2">udc</subfield>
    <subfield code="4">0</subfield>
    <subfield code="7">0</subfield>
    <subfield code="a">BPED</subfield>
    <subfield code="b">BPED</subfield>
    <subfield code="d">2026-06-10</subfield>
    <subfield code="l">0</subfield>
    <subfield code="o">BB 860(82)-1 F 34</subfield>
    <subfield code="p">42532</subfield>
    <subfield code="r">2026-06-10 15:57:15</subfield>
    <subfield code="w">2026-06-10</subfield>
    <subfield code="x">mm 10/06/2026</subfield>
    <subfield code="y">BK</subfield>
    <subfield code="z">Se presta 15 d&#xED;as.</subfield>
  </datafield>
  <datafield tag="999" ind1=" " ind2=" ">
    <subfield code="c">32843</subfield>
    <subfield code="d">32843</subfield>
  </datafield>
</record>
